Central Library OPAC University of Rajshahi

Teach yourself astronomy : (Record no. 8385)

MARC details
000 -LEADER
fixed length control field 00732cam a22002531 4500
001 - CONTROL NUMBER
control field 8385
003 - CONTROL NUMBER IDENTIFIER
rucl marc code BD-RjUL
005 - DATE AND TIME OF LATEST TRANSACTION
control field 20211208234559.0
008 - FIXED-LENGTH DATA ELEMENTS--GENERAL INFORMATION
fixed length control field 140118s1952 xx 000 0 eng d
035 ## - SYSTEM CONTROL NUMBER
System control number (BD-RjUL)8430
System control number (OCoLC)2849231
040 ## - CATALOGING SOURCE
Original cataloging agency DLC
Transcribing agency ODa
Modifying agency Uk
-- DLC
Language of cataloging eng
041 ## - LANGUAGE CODE
Language code of text/sound track or separate title eng
082 ## - DEWEY DECIMAL CLASSIFICATION NUMBER
Classification number 523
Author mark and year EVT 1954
100 1# - MAIN ENTRY--PERSONAL NAME
Personal name Evans, David Stanley.
9 (RLIN) 26111
245 00 - TITLE STATEMENT
Title Teach yourself astronomy :
Remainder of title Illustrated by the author /
Statement of responsibility, etc. David S. Evans
260 ## - PUBLICATION, DISTRIBUTION, ETC. (IMPRINT)
Place of publication, distribution, etc. London :
Name of publisher, distributor, etc. English Universities Press,
Date of publication, distribution, etc. [1952 [Impression 1954]
300 ## - PHYSICAL DESCRIPTION
Pagination 182 p. :
Illustrations illus. ;
Size 18 cm.
490 0# - SERIES STATEMENT
Series statement The Teach yourself books
650 #0 - SUBJECT ADDED ENTRY--TOPICAL TERM
Topical term or geographic name as entry element Astronomy.
9 (RLIN) 26112
942 ## - ADDED ENTRY ELEMENTS (KOHA)
Source of classification or shelving scheme Dewey Decimal Classification
Koha item type Books
Holdings
Lost status Source of classification or shelving scheme Damaged status Not for loan Collection code Permanent Location Current Location Shelving location Date acquired Source of acquisition Cost, normal purchase price Total Checkouts Full call number Date last seen Copy number Koha item type
  Dewey Decimal Classification   Not For Loan Non-fiction Central Library, University of Rajshahi Central Library, University of Rajshahi     N/A 4.14   523 EVT 1954 18/01/2014 C-1 Books